<?xml version="1.0" encoding="UTF-8"?><?xml-stylesheet type="text/xsl" href="static/style.xsl"?><OAI-PMH xmlns="http://www.openarchives.org/OAI/2.0/" xmlns:xsi="http://www.w3.org/2001/XMLSchema-instance" xsi:schemaLocation="http://www.openarchives.org/OAI/2.0/ http://www.openarchives.org/OAI/2.0/OAI-PMH.xsd"><responseDate>2026-06-07T05:20:12Z</responseDate><request verb="GetRecord" identifier="oai:riuma.uma.es:10630/27237" metadataPrefix="marc">https://riuma.uma.es/rest/oai/request</request><GetRecord><record><header><identifier>oai:riuma.uma.es:10630/27237</identifier><datestamp>2026-02-03T12:55:50Z</datestamp><setSpec>com_10630_22985</setSpec><setSpec>com_10630_3139</setSpec><setSpec>com_10630_10</setSpec><setSpec>col_10630_27219</setSpec></header><metadata><record xmlns="http://www.loc.gov/MARC21/slim" xmlns:dcterms="http://purl.org/dc/terms/" xmlns:doc="http://www.lyncode.com/xoai" xmlns:xsi="http://www.w3.org/2001/XMLSchema-instance" xsi:schemaLocation="http://www.loc.gov/MARC21/slim http://www.loc.gov/standards/marcxml/schema/MARC21slim.xsd">
   <leader>00925njm 22002777a 4500</leader>
   <datafield ind2=" " ind1=" " tag="042">
      <subfield code="a">dc</subfield>
   </datafield>
   <datafield ind2=" " ind1=" " tag="720">
      <subfield code="a">dos Santos Perin, Eloni</subfield>
      <subfield code="e">author</subfield>
   </datafield>
   <datafield ind2=" " ind1=" " tag="720">
      <subfield code="a">Duarte Freitas, Maria do Carmo</subfield>
      <subfield code="e">author</subfield>
   </datafield>
   <datafield ind2=" " ind1=" " tag="720">
      <subfield code="a">Ritta Coelho, Taiane</subfield>
      <subfield code="e">author</subfield>
   </datafield>
   <datafield ind2=" " ind1=" " tag="260">
      <subfield code="c">2023-06-30</subfield>
   </datafield>
   <datafield ind2=" " ind1=" " tag="520">
      <subfield code="a">A educação passa por transformação, com o uso massivo da tecnologia digital em atividades de ensino e aprendizagem e, nesse caso, identificar competências docentes digitais é uma demanda social. Para isso, foi desenvolvida uma Plataforma para identificação e gerenciamento de informações, chamada CDD-EB, que armazena de forma sintetizada, um modelo para autoavaliação de Competências Docentes Digitais (CDD). O Modelo CDD-EB utiliza rubricas que guiam o professor em um processo de autoavaliação, em que posibilita processo de autorreflexão individual e devolve em forma de feedback na própria plataforma, um resumo com o perfil de CDD, com base nas escolhas realizadas pelo docente. O modelo de autoavaliação foi validado por especialistas, inserido na Plataforma CDD-EB e testado por professores da educação básica. Os testes estatísticos de validade, pelo IVC e CVC e confiabilidade pelo Alfa de Cronbach confirmam a potencialidade da Plataforma como ferramenta de identificação de competências docentes digitais.</subfield>
   </datafield>
   <datafield ind1="8" ind2=" " tag="024">
      <subfield code="a">dos Santos Perin, E., Duarte Freitas, M. do C., &amp; Ritta Coelho, T. (2023). Plataforma de autoavaliação de competências docentes digitais. Revista Prácticum, 8(1), 19-35. https://doi.org/10.24310/RevPracticumrep.v8i1.16717</subfield>
   </datafield>
   <datafield ind1="8" ind2=" " tag="024">
      <subfield code="a">https://hdl.handle.net/10630/27237</subfield>
   </datafield>
   <datafield ind1="8" ind2=" " tag="024">
      <subfield code="a">10.24310/RevPracticumrep.v8i1.16717</subfield>
   </datafield>
   <datafield ind2="0" ind1="0" tag="245">
      <subfield code="a">Plataforma de autoavaliação de competências docentes digitais</subfield>
   </datafield>
</record>
</metadata></record></GetRecord></OAI-PMH>